| 000 | 00629nam a22001337a 4500 | ||
|---|---|---|---|
| 040 | _cRUA | ||
| 082 | _aAGR ETH 1996 BOO25 Or.1 | ||
| 100 | _aETH , SOKUNMONY | ||
| 245 | _aParticipatory farmers research for home garden in dang kor district, (ការពផសោធន៍ដោយមានកសិករចូលរួមក្នុងការបន្លឬជាលក្ខណៈគ្រួសារនីខ័ណ្ឌដង្កោ). | ||
| 260 |
_aphnom phen _bRUA _c1999 |
||
| 300 |
_aXV,73P. _bILL. _c29CM. |
||
| 856 | _uhttps://drive.google.com/file/d/1eusy9y6h12kHnXRcDZ1cBwG4XkZqy3tf/view?usp=sharing | ||
| 942 | _cAGR | ||
| 999 |
_c437 _d437 |
||